Finančná analýza vybraného podnikateľského subjektu v SR diplomová práca

Salvato in:
Dettagli Bibliografici
Autore principale: Berežný, Ľuboš
Ente Autore: Národohospodárska fakulta EU. Katedra financií
Altri autori: Hocman, František, 1983-
Natura: Libro
Lingua:slovacco
Pubblicazione: Bratislava 2018
Tags: Aggiungi Tag
Nessun Tag, puoi essere il primo ad aggiungerne!!

MARC

LEADER 00000nbm a2200000 4500
001 0244327
005 20181113144614.5
041 0 |a slo 
044 |a SK 
245 1 0 |a Finančná analýza vybraného podnikateľského subjektu v SR  |b diplomová práca  |c Ľuboš Berežný ; školiteľ: František Hocman 
264 1 |a Bratislava  |c 2018 
300 |a 60 s. 
100 1 |a Berežný, Ľuboš 
700 1 |a Hocman, František, 1983- 
710 2 |a Národohospodárska fakulta EU. Katedra financií